Word Scramble - Countries that Border Germany - Statistics

General Stats
  • This quiz has been taken 38 times
    36 since last reset
  • The average score is 8 of 9
Answer Stats
Stuff Countries % Correct
Cerafn France
100%
Onadpl Poland
100%
Gbmliue Belgium
94%
Ezhcc Upilbcre Czech Republic
94%
Knemrad Denmark
94%
Mubxogulre Luxembourg
94%
Sutraai Austria
91%
Tznadwlnires Switzerland
91%
Tlaendsrehn Netherlands
82%
No matching quizzes found
Score Distribution
Percent of People with Each Score
Percentile by Number Answered
Your Score History
You have not taken this quiz since the last reset